| 000 | 00933nam a22001935i 4500 | ||
|---|---|---|---|
| 001 | 155790 | ||
| 003 | ES-MaACL | ||
| 005 | 20251011063143.0 | ||
| 008 | 020301s1868 sp |||| | spa d | ||
| 040 |
_aCAM _bspa _cCAM |
||
| 100 | 1 |
_aHurtado, Antonio, _d1825-1878 _9128096 |
|
| 245 | 1 | 3 |
_aEl collar de Lescot _b: drama en tres actos, en prosa / _coriginal de Antonio Hurtado. |
| 260 |
_aMadrid : _b[s.n.], _c1868 ( _fimprenta de José Rodriguez) |
||
| 300 |
_a78 p. ; _c20 cm. |
||
| 500 | 1 | _aRepresentado por primera vez en el teatro de la Zarzuela el día 17 de octubre de 1868. | |
| 596 | 1 | _aEn verso de prot. consta: "... de las Galerías dramáticas y líricas de los Sres. Gullon é Hidalgo ..." | |
| 852 |
_aES-MaACL _jF-8563(2) _z-- Enc. pasta española _q-- Falto de la cub. original _z-- Enc. en un vol. facticio formando parte de la col. facticia "Teatro español moderno", vol. 15 |
||
| 999 |
_c155790 _d155790 |
||